United States Vice Presidents - Statistics

General Stats
  • This quiz has been taken 7 times
  • The average score is 22 of 52
Answer Stats
President Vice President % Correct
Abraham Lincoln Andrew Johnson
100%
George Washington John Adams
100%
Martin Van Buren Richard Johnson
100%
John Adams Thomas Jefferson
100%
Thomas Jefferson Aaron Burr
80%
Bill Clinton Al Gore
80%
Warren Harding Calvin Coolidge
80%
George H W Bush Dan Quayle
80%
Ronald Reagan George H W Bush
80%
Richard Nixon Gerald Ford
80%
FDR Harry Truman
80%
Donald Trump JD Vance
80%
Barack Obama Joe Biden
80%
Joe Biden Kamala Harris
80%
Donald Trump Mike Pence
80%
Dwight D Eisenhower Richard Nixon
80%
William McKinley Theodore Roosevelt
80%
George W Bush Dick Cheney
60%
John Quincey Adams John C Calhoun
60%
Andrew Jackson John C Calhoun
60%
Andrew Jackson Martin Van Buren
60%
Grover Cleveland Adlai Stevenson
40%
Thomas Jefferson George Clinton
40%
James Madison George Clinton
40%
Ulysses Grant Henry Wilson
40%
Lyndon Banes Johnson Hubert Humphrey
40%
William Henry Harrison John Tyler
40%
John F Kennedy Lyndon Banes Johnson
40%
Zachary Taylor Millard Fillmore
40%
Richard Nixon Spiro Agnew
40%
Jimmy Carter Walter Mondale
40%
James Madison Elbridge Gerry
20%
Abraham Lincoln Hannibal Hamlin
20%
James Buchanan John C Breckinridge
20%
Gerald Ford Nelson Rockefeller
20%
Franklin Pierce William R King
20%
Harry Truman Alben Barkley
0%
Herbert Hoover Charles Curtis
0%
Calvin Coolidge Charles Dawes
0%
Teddy Roosevelt Charles Fairbanks
0%
James Garfield Chester Arthur
0%
James Monroe Daniel Tompkins
0%
William McKinley Garret Hobart
0%
James Polk George Dallas
0%
FDR Henry Wallace
0%
William Howard Taft James Sherman
0%
FDR John Garner
0%
Benjamin Harrison Levi Morton
0%
Ulysses Grant Schuyler Colfax
0%
Grover Cleveland Thomas Hendricks
0%
Woodrow Wilson Thomas Marshall
0%
Rutherfraud Hayes William A Wheeler
0%
No matching quizzes found
Score Distribution
Percent of People with Each Score
Percentile by Number Answered
Your Score History
You have not taken this quiz